Loading...
| Fine Arts - Classical Music | 0 | 6 | 0 | 2 | 60 | 18 | 60.50 | 3 | 4 |
| Literature - World Literature | 0 | 3 | 0 | 2 | 30 | 75 | 100.67 | 0 | 1 |
| Science - Other Science | 0 | 3 | 1 | 0 | 25 | 26 | 28.00 | 2 | 3 |
| History - European History | 0 | 3 | 1 | 0 | 25 | 22 | 41.67 | 0 | 1 |
| History - World History | 0 | 2 | 0 | 0 | 20 | 23 | 49.50 | 1 | 1 |
| Science - Physics | 0 | 2 | 1 | 0 | 15 | 53 | 58.00 | 0 | 2 |
| Social Science | 0 | 1 | 0 | 0 | 10 | 82 | 82.00 | 0 | 1 |
| Geography | 0 | 1 | 0 | 0 | 10 | 74 | 74.00 | 1 | 1 |
| History - Other History | 0 | 1 | 0 | 0 | 10 | 69 | 69.00 | 0 | 0 |
| Literature - British Literature | 0 | 1 | 0 | 0 | 10 | 70 | 70.00 | 0 | 1 |
| Mythology | 0 | 1 | 0 | 0 | 10 | 69 | 69.00 | 0 | 1 |
| Pop Culture | 0 | 1 | 0 | 0 | 10 | 66 | 66.00 | 0 | 0 |
| Current Events | 0 | 1 | 0 | 0 | 10 | 69 | 69.00 | 1 | 1 |
| History - American History | 0 | 1 | 1 | 0 | 5 | 58 | 58.00 | 0 | 1 |
| Fine Arts - Other Fine Arts | 0 | 1 | 1 | 0 | 5 | 83 | 83.00 | 0 | 1 |
| Painting/Sculpture | 0 | 0 | 2 | 0 | -10 | 0.00 | 0 | 0 |